[Event "HCL-A086"]
[Site "www.playchess.de"]
[Date "2001.03.25"]
[Round "15"]
[White "Lydeking"]
[Black "gelus"]
[WhiteElo "1658"]
[BlackElo "1904"]
[PlyCount "56"]
[Result "0-1"]

1.e4 e6 2.d4 d5 3.Nc3 dxe4 4.Nxe4 Nd7 5.Nf3 Ngf6 
6.Nxf6+ Nxf6 7.Bd3 Be7 8.Qe2 O-O 9.Bg5 c5 10.dxc5 
Bxc5 11.O-O-O Qe7 12.Ne5 Rd8 13.Ng4 Rd5 14.Nxf6+ 
gxf6 15.Bh6 f5 16.Bc4 Rxd1+ 17.Rxd1 Qh4 18.Be3 Be7 
19.Kb1 Bf6 20.g3 Qxh2 21.Bd4 Bxd4 22.Rxd4 Kg7 
23.a3 Qh6 24.g4 Qf6 25.Qd2 b5 26.Bxb5 Rb8 27.Ba4 
e5 28.Rd6 Be6 0-1

[Event "HCL-B203"]
[Site "www.playchess.de"]
[Date "2001.03.25"]
[Round "12"]
[White "altmax"]
[Black "BELAJ_BOY"]
[WhiteElo "1200"]
[BlackElo "1200"]
[PlyCount "54"]
[Result "1/2-1/2"]

1.b3 {Good luck!}  c5 {hi...good luck!}  2.Bb2 
{Thanks.}  Nc6 3.Nf3 d6 4.e3 e5 5.d3 g6 6.Be2 Nge7 
7.c4 Bg7 8.O-O O-O 9.h3 b6 10.Re1 Nf5 11.Nc3 Bb7 
12.Nd5 Nce7 13.Nxe7+ Qxe7 14.a3 Nh4 15.e4 f5 16.b4 
f4 17.b5 a6 18.a4 Nxf3+ 19.Bxf3 a5 20.Be2 Qg5 {It 
doesn`t seem to be a draw ...at least not yet.}  
21.Qd2 {Sure. No problem.}  Bc8 22.g4 Qh4 23.Kg2 
Bh6 24.Qd1 Rf7 25.Rh1 Bd7 26.Qg1 Raf8 27.f3 Qg3+ 
{I think you were right.How about that draw?} 
 1/2-1/2

[Event "ACL-A106"]
[Site "www.playchess.de"]
[Date "2001.03.25"]
[Round "11"]
[White "Venezuela"]
[Black "Karl"]
[WhiteElo "1500"]
[BlackElo "1500"]
[PlyCount "21"]
[Result "1-0"]

1.e4 {Good Luck!}  e5 2.d4 exd4 3.Qxd4 Nc6 4.Qa4 
Nf6 5.Nf3 Be7 6.Qb3 O-O 7.Qd3 d6 8.h4 Bg4 9.Ng5 
Ne5 10.Qd2 h6 11.f3 1-0

[Event "ACL-A106"]
[Site "www.playchess.de"]
[Date "2001.03.25"]
[Round "21"]
[White "Karl"]
[Black "tebesius"]
[WhiteElo "1500"]
[BlackElo "1500"]
[PlyCount "21"]
[Result "1-0"]

1.e4 c5 2.Nc3 Nf6 3.Nf3 Nc6 4.d3 d6 5.Be2 a6 6.O-O 
b5 7.a3 e6 8.Bd2 Be7 9.b3 Bd7 10.Qc1 Nd4 
11.Nxd4 1-0

[Event "HCL-E035"]
[Site "www.playchess.de"]
[Date "2001.03.25"]
[Round "6"]
[White "Merscheid"]
[Black "NOHAU"]
[WhiteElo "2144"]
[BlackElo "2173"]
[PlyCount "69"]
[Result "1/2-1/2"]

1.e4 d6 2.d4 Nf6 3.Nc3 g6 4.Nf3 Bg7 5.Be2 O-O 
6.O-O c6 7.h3 Qc7 8.a4 Nbd7 9.Be3 e5 10.dxe5 dxe5 
11.Bc4 Nh5 12.Qd2 Nb6 13.Bb3 Be6 14.Bxe6 fxe6 
15.Qe2 Nf4 16.Bxf4 exf4 17.e5 Nd7 18.Rfe1 Rf5 
19.Qc4 Re8 20.Nb5 Qb8 21.Nd6 Nxe5 22.Nxe5 Qxd6 
23.Rad1 Qf8 24.Nd7 Qf7 25.Nc5 Rd5 26.b4 f3 27.g4 
Be5 {sorry, not yet !!}  28.Rd3 Bb8 29.Ree3 Qc7 
30.Rexf3 Qh2+ 31.Kf1 Re5 32.Rde3 Qh1+ 33.Ke2 Rd5 
34.Red3 Be5 35.Ne4 1/2-1/2

[Event "HCL-C203"]
[Site "www.playchess.de"]
[Date "2001.03.25"]
[Round "1"]
[White "flywheel"]
[Black "KnightsWrath"]
[WhiteElo "1211"]
[BlackElo "1000"]
[PlyCount "25"]
[Result "1-0"]

1.e4 d6 2.d4 a5 3.a4 g6 4.d5 Nf6 5.Nc3 Nxe4 6.Bd3 
Ng5 7.Bxg5 h5 8.Nf3 f6 9.Be3 Bg4 10.Bxg6+ Kd7 
11.O-O Rh6 12.Bxh6 Bxh6 13.Qd3 1-0

[Event "HCL-C203"]
[Site "www.playchess.de"]
[Date "2001.03.25"]
[Round "4"]
[White "flywheel"]
[Black "milton"]
[WhiteElo "1211"]
[BlackElo "1000"]
[PlyCount "25"]
[Result "1-0"]

1.d4 d5 2.Bg5 f6 3.Bh4 g5 4.Bg3 h5 5.h4 e6 6.e3 c6 
7.Nf3 g4 8.Nfd2 Qb6 9.Nb3 Nh6 10.c4 dxc4 11.Bxc4 
Qb4+ 12.N1d2 b5 13.Bd3 1-0

[Event "HCL-E035"]
[Site "www.playchess.de"]
[Date "2001.03.25"]
[Round "9"]
[White "benoniman"]
[Black "Merscheid"]
[WhiteElo "2000"]
[BlackElo "2144"]
[PlyCount "48"]
[Result "0-1"]

1.d4 {Hi! good luck}  Nf6 2.c4 e6 3.Nc3 Bb4 4.e3 
O-O 5.Nge2 d5 6.a3 Be7 7.cxd5 exd5 8.b4 c6 9.Ng3 
Re8 10.Bd3 b5 11.Bd2 a5 12.bxa5 Rxa5 13.a4 bxa4 
14.Nxa4 Ra7 15.O-O Bd6 16.Nf5 Bxf5 17.Bxf5 Ne4 
18.Bxe4 dxe4 19.Qe2 Nd7 20.Rfd1 Qa8 21.Qc4 Nb6 
22.Nxb6 Rxa1 23.Rc1 Rxc1+ 24.Qxc1 
Qa2 0-1

[Event "HCL-C203"]
[Site "www.playchess.de"]
[Date "2001.03.25"]
[Round "10"]
[White "milton"]
[Black "yaroslav"]
[WhiteElo "1000"]
[BlackElo "1136"]
[PlyCount "24"]
[Result "0-1"]

1.e4 d5 2.Nc3 dxe4 3.Nxe4 Qd4 4.Qf3 b6 5.Ng5 f6 
6.Qxa8 Qe5+ 7.Be2 c6 8.N5f3 Qc7 9.Nd4 Bb7 10.Qxa7 
c5 11.Ne6 Qc8 12.Qxb6 Bxg2 0-1

[Event "HCL-C203"]
[Site "www.playchess.de"]
[Date "2001.03.25"]
[Round "11"]
[White "flywheel"]
[Black "donkey"]
[WhiteElo "1211"]
[BlackElo "1210"]
[PlyCount "58"]
[Result "0-1"]

1.e4 c5 2.Bc4 Nc6 3.d3 Nf6 4.Bg5 e6 5.Nf3 d5 6.e5 
dxc4 7.exf6 gxf6 8.Bh4 cxd3 9.Qxd3 Qxd3 10.cxd3 
Bg7 11.Bg3 O-O 12.O-O Rd8 13.Nc3 Rxd3 14.Rad1 Rxd1 
15.Rxd1 b6 16.Rd6 Bb7 17.a4 Rd8 18.h4 Rxd6 19.Bxd6 
f5 20.g3 Nd4 21.Nxd4 cxd4 22.Nb5 a6 23.Nc7 d3 
24.Kf1 Bxb2 25.Bf4 Bc3 26.Be3 d2 27.Bxd2 Bxd2 
28.f4 Kf8 29.h5 Ke7 {do ya really think that I 
accept a draw ???}  0-1

[Event "HCL-B204"]
[Site "www.playchess.de"]
[Date "2001.03.25"]
[Round "12"]
[White "Torenvalk"]
[Black "scd119"]
[WhiteElo "1646"]
[BlackElo "1500"]
[PlyCount "66"]
[Result "0-1"]

1.Nf3 Nf6 2.c4 e6 3.d4 d5 4.Nc3 Bb4 5.e3 O-O 6.Qd3 
Re8 7.a3 Bxc3+ 8.Qxc3 Ne4 9.Qc2 Nd7 10.Bd3 Ndf6 
11.Ne5 c5 12.f3 cxd4 13.fxe4 dxe4 14.Bxe4 Qa5+ 
15.Bd2 {good move from you and not from me.}  Qxe5 
{It is not over yet, but in my opinion your 6.Q3 
wasn't very good, from there you have problems.}  
16.exd4 {Thanks for the information.}  Qxe4+ 
{Welcome, it is nice to meet and to play with 
you.}  17.Qxe4 {You can also play and chat with me 
at www.itsyourturn.com/ and www.stansco.com/ if 
you want it to.}  Nxe4 {thank you, i use also to 
play at www.kasparovchess.com and 
worldchessnetwork}  18.Be3 {At 
www.kasparovchess.com/ i play there 2.}  Bd7 {at 
kasparov i have the same name and right now i have 
1670 points}  19.O-O-O {And what`s your name at 
www.chessworks.com/?}  Ba4 {my name, Dan 
Stoicescu, I am Romanian, but in USA now}  20.Rd3 
{Great game.}  Rad8 21.b3 {You are playing very 
good .}  Nc5 {You 2, only be more careful in the 
openings.}  22.dxc5 {this is also a good move from 
you.}  Rxd3 {Better it was for you to take the 
bishop, don't worry too much, next time.}  23.bxa4 
{I playing very bad this time.}  Rxe3 {It happens 
to everybody from time to time}  24.Rd1 {Oh 
well,what a game.}  Rxa3 25.Rd7 Rxa4 26.Rxb7 Rxc4+ 
27.Kb2 {I playing very bad.And you very good.}  
Rxc5 28.Rxa7 Rb8+ 29.Ka3 Rc3+ 30.Ka2 Rc2+ 31.Ka3 
Rxg2 32.Rc7 Rxh2 33.Rd7 h5 0-1

[Event "HCL-B204"]
[Site "www.playchess.de"]
[Date "2001.03.25"]
[Round "16"]
[White "Whatever"]
[Black "Translightor"]
[WhiteElo "1496"]
[BlackElo "1474"]
[PlyCount "97"]
[Result "1-0"]

1.e4 {Here we go again. Have a nice game}  c5 
{Hello again. Good luck!}  2.Nf3 e6 3.d4 cxd4 
4.Nxd4 a6 5.c4 Nf6 6.Nc3 d6 7.Be2 Be7 8.O-O O-O 
9.b3 Qc7 10.Bb2 b6 11.Rc1 Bb7 12.Bd3 Nbd7 13.Bb1 
Rac8 14.f4 Nc5 15.Qe2 Qb8 16.Rce1 Rfd8 17.Nf3 h6 
18.Qc2 g6 19.f5 gxf5 20.exf5 e5 21.Qd2 Kh7 22.Bc1 
Bf8 23.h3 Bg7 24.g4 Qa8 25.Nd5 Bxd5 26.cxd5 e4 
27.g5 hxg5 28.Nxg5+ Kg8 29.Nxe4 Ncxe4 30.Bxe4 Rde8 
31.Bh1 b5 32.Bb2 Qa7+ 33.Bd4 Qd7 34.Qg5 Qd8 
35.Rxe8+ Nxe8 36.f6 Rc2 37.Be4 Re2 38.Qh4 Rxe4 
39.Qxe4 Bxf6 40.Qg4+ Kf8 41.Bxf6 Nxf6 42.Qh4 Qb6+ 
43.Qf2 Nxd5 44.Rd1 Qxf2+ 45.Kxf2 Nf6 46.Kf3 d5 
47.Kf4 Ke7 48.Kf5 a5 49.a3 1-0

[Event "HCL-B214"]
[Site "www.playchess.de"]
[Date "2001.03.25"]
[Round "5"]
[White "orange"]
[Black "Think"]
[WhiteElo "1072"]
[BlackElo "1200"]
[PlyCount "46"]
[Result "0-1"]

1.e4 {hello Claudius Richter}  e6 {Hello Orange! 
Do you play chess in a club?}  2.d4 d5 3.Nc3 {no i 
dont. i have only played ches online or with a 
friend or my children. do you have a chess club}  
Bb4 {Oh yes! I live in Dresden (capitel of Saxony) 
and there are more than 20 chess clubs in town!}  
4.Bb5+ {i live in brisbane, capital of queesland. 
1 wife 4 children.}  c6 {I am a still pupil. May I 
ask what profession you have?}  5.Bd3 {sometime i 
play bad chess. yes i work on computers. Windows 
2000/nt and Unix systems. build networks}  c5 
6.Bb5+ {lets try this bad move again.}  Bd7 {Do 
you really think that this is a so bad move?}  
7.Bxd7+ {yes my opening very bad. i just did not 
have a plan.}  Qxd7 8.e5 Nc6 9.Nf3 cxd4 
{Fortunately the surver does now work!}  10.Nxd4 
{yes it is good to play chess again}  Nxe5 11.Bd2 
Nf6 12.Qe2 Nc4 13.O-O-O {your game is very good.}  
Rc8 {I did not except these move.}  14.f4 {lets 
see if i can play some more surprising moves.}  
Nxd2 {Now your situation get worse.}  15.Rxd2 
{your kights are killing me. after you win, please 
tell me how to play better.}  Bxc3 {The game isn't 
finished yet.;-)}  16.bxc3 Ne4 17.Qb5 {like i said 
your knights are very potent.}  Nxd2 18.Qxd7+ Kxd7 
{Why don't you resign !?}  19.Kxd2 {i could still 
learn something. i still have a rook and horse, 
this is OK.}  Rc4 {ok}  20.Rb1 b6 21.Rb4 Rhc8 
22.Rxc4 {where has Eric gone?}  Rxc4 {I don't 
know. But I won my game against him.}  23.g4 {yes 
i see. how are your games with plobi and sundfar?} 
 Ra4 {I won against sundfar-he made a mistake; my 
situation against plobi is a little bit better} 
 0-1

[Event "ACL-A108"]
[Site "www.playchess.de"]
[Date "2001.03.25"]
[Round "3"]
[White "SuperNova"]
[Black "Vampyr"]
[WhiteElo "1633"]
[BlackElo "1580"]
[PlyCount "43"]
[Result "1-0"]

1.d4 {hello. good luck.}  Nf6 {Thanks and you too} 
 2.c4 {thanks}  e6 3.g3 d5 4.Bg2 c6 5.Nf3 Bb4+ 
6.Bd2 Qb6 7.O-O O-O 8.c5 Qa5 9.Bf4 b6 10.Nbd2 bxc5 
11.Nb3 Qb6 12.a3 Ba5 13.dxc5 Qd8 14.Nxa5 Qxa5 
15.b4 Qd8 16.a4 Nh5 17.Bd6 Re8 18.Ne5 Bb7 19.b5 f6 
20.bxc6 Nxc6 21.Nxc6 Bxc6 22.g4 1-0

[Event "HCL-C215"]
[Site "www.playchess.de"]
[Date "2001.03.25"]
[Round "1"]
[White "sarek"]
[Black "Ewie"]
[WhiteElo "1119"]
[BlackElo "693"]
[PlyCount "42"]
[Result "0-1"]

1.e4 c5 2.c3 e5 3.Nf3 d6 4.Bc4 Bg4 5.Qb3 Be6 
6.Bxe6 fxe6 7.Qxb7 Nd7 8.d4 Qb8 9.Qxb8+ Rxb8 10.b3 
Ngf6 11.Nbd2 g6 12.dxc5 dxc5 13.Nc4 Nxe4 14.Bb2 
Bh6 15.Nfxe5 Nxe5 16.Nxe5 O-O 17.O-O Rf5 18.c4 
Rbf8 19.f3 Be3+ 20.Kh1 Ng3+ 21.hxg3 
Rh5+ 0-1

[Event "HCL-B210"]
[Site "www.playchess.de"]
[Date "2001.03.25"]
[Round "8"]
[White "shepherd"]
[Black "roofus"]
[WhiteElo "1392"]
[BlackElo "1248"]
[PlyCount "35"]
[Result "1-0"]

1.e4 e5 2.Bb5 Qf6 3.Nf3 a6 4.Bc4 b5 5.Bb3 Bc5 6.c3 
Bb7 7.O-O Bxe4 8.Nxe5 Qxe5 9.d4 Qd6 10.dxc5 Qxc5 
11.Re1 Nf6 12.Be3 Qf5 13.Nd2 Bd5 14.Bd4+ Ne4 15.f3 
Bc6 16.Bxg7 Rg8 17.Nxe4 Rxg7 18.Nd6+ 1-0

[Event "HCL-B210"]
[Site "www.playchess.de"]
[Date "2001.03.25"]
[Round "16"]
[White "DepthCharge"]
[Black "patzer"]
[WhiteElo "1522"]
[BlackElo "1250"]
[PlyCount "77"]
[Result "1-0"]

1.e4 {Good luck! :)}  c5 2.Nf3 d6 3.Nc3 Nf6 4.Bc4 
e6 5.O-O a6 6.d4 cxd4 7.Qxd4 Nc6 8.Qd1 b5 9.Bb3 
Na5 10.Bg5 Nxb3 11.axb3 Bb7 12.Re1 Be7 13.e5 dxe5 
14.Nxe5 h6 15.Bh4 Qxd1 16.Raxd1 Rd8 17.f3 Rxd1 
18.Rxd1 O-O 19.f4 Rd8 20.Nd7 Rxd7 21.Rxd7 Nxd7 
22.Bxe7 f6 23.Kf2 Kf7 24.Bd6 f5 25.g3 Kf6 26.Ne2 
Nb6 27.Bc7 Nd5 28.Bd8+ Kf7 29.c4 Nf6 30.Ke3 Ng4+ 
31.Kd4 Ke8 32.Ba5 Kd7 33.Kc5 Bc6 34.Nd4 Bh1 35.Kb6 
Ne3 36.c5 Nd5+ 37.Kxa6 Nc7+ 38.Bxc7 Kxc7 
39.Kxb5 1-0

[Event "HCL-B220"]
[Site "www.playchess.de"]
[Date "2001.03.25"]
[Round "4"]
[White "sundfar"]
[Black "bundori"]
[WhiteElo "1414"]
[BlackElo "1501"]
[PlyCount "44"]
[Result "0-1"]

1.e4 {Hello Deutshland! Norwegen here. I wish you 
good luck in this tournament.}  e6 2.Nf3 d5 3.Bd3 
dxe4 4.Bxe4 Nf6 5.Nc3 Nxe4 6.Nxe4 Nc6 7.d3 Be7 
8.Be3 O-O 9.c3 f5 10.Ned2 Qxd3 11.Qe2 Qxe2+ 
12.Kxe2 e5 13.Bg5 e4 14.Bxe7 exf3+ 15.Nxf3 Nxe7 
16.h4 Be6 17.Ng5 Bc4+ 18.Kd2 Rfe8 19.f3 Rad8+ 
20.Kc2 Nd5 21.Kc1 Nf4 22.h5 {this game is not 
going my way, I'm afraid}  Nd3+ 0-1

[Event "HCL-B220"]
[Site "www.playchess.de"]
[Date "2001.03.25"]
[Round "6"]
[White "sloba55"]
[Black "bundori"]
[WhiteElo "1400"]
[BlackElo "1501"]
[PlyCount "62"]
[Result "0-1"]

1.Nf3 Nf6 2.b3 g6 3.Bb2 Bg7 4.e3 c5 5.d3 Nc6 
6.Nbd2 O-O 7.Ne4 Nxe4 8.Bxg7 Nxf2 9.Kxf2 Kxg7 
10.d4 cxd4 11.exd4 f6 12.Bb5 Qb6 13.Bxc6 bxc6 
14.Re1 e5 15.Qd2 d5 16.Qe3 e4 17.Nd2 f5 18.g3 Qc7 
19.Qf4 Qxf4+ 20.gxf4 Kf6 21.h4 h6 22.Reg1 Rg8 
23.Rg3 Be6 24.Rag1 Rg7 25.Ke3 Rag8 26.R1g2 g5 
27.hxg5+ hxg5 28.c3 gxf4+ 29.Kxf4 R7xg3 30.Rxg3 
Rxg3 31.Kxg3 Kg5 0-1

[Event "HCL-C213"]
[Site "www.playchess.de"]
[Date "2001.03.25"]
[Round "1"]
[White "arsenic"]
[Black "Coney"]
[WhiteElo "1225"]
[BlackElo "1087"]
[PlyCount "38"]
[Result "0-1"]

1.e4 e5 2.Nf3 Nc6 3.Bb5 a6 4.Ba4 Nf6 5.Bxc6 dxc6 
6.d3 Bc5 7.h3 Be6 8.Nxe5 Bxf2+ 9.Kf1 Bg3 10.Bg5 h6 
11.Bxf6 Qxf6+ 12.Nf3 Qxb2 13.Nbd2 Qb6 14.Qe2 O-O-O 
15.h4 Bg4 16.Rb1 Qc5 17.c4 Bf4 18.Nb3 Qd6 19.Qf2 
Qxd3+ 0-1

[Event "HCL-C221"]
[Site "www.playchess.de"]
[Date "2001.03.25"]
[Round "1"]
[White "sonnyspock"]
[Black "Flay"]
[WhiteElo "1154"]
[BlackElo "1295"]
[PlyCount "32"]
[Result "0-1"]

1.e4 e5 2.Nf3 Nc6 3.Bb5 a6 4.Ba4 b5 5.Bb3 Nf6 
6.Ng5 d5 7.exd5 Nxd5 8.Qf3 Be6 9.Nc3 Qxg5 10.Bxd5 
Nd4 11.Bc6+ Kd8 12.Qg3 Qxg3 13.hxg3 Nxc6 14.O-O 
Nd4 15.Ne4 Nxc2 16.Rb1 Bxa2 0-1

[Event "HCL-A084"]
[Site "www.playchess.de"]
[Date "2001.03.25"]
[Round "11"]
[White "peze"]
[Black "DaRkFoRcE"]
[WhiteElo "2005"]
[BlackElo "1700"]
[PlyCount "67"]
[Result "1-0"]

1.e4 {Hello and good luck!}  c5 {Hello. Good luck 
peze!}  2.Nf3 Nc6 3.Bb5 Qb6 4.Nc3 e6 5.O-O Bd6 
6.Bxc6 bxc6 7.e5 Bb8 8.b3 Ne7 9.Ne4 Ng6 10.Bb2 O-O 
11.Ba3 Nxe5 12.Bxc5 Qd8 13.Bxf8 Qxf8 14.Nxe5 Bxe5 
15.d4 Bc7 16.Qh5 d5 17.Ng5 h6 18.Nf3 c5 19.c4 cxd4 
20.cxd5 Bb7 21.dxe6 Bxf3 22.Qxf3 fxe6 23.Qc6 Bd6 
24.Qc4 Qf6 25.Rae1 Re8 26.Re4 Kh8 27.Qxd4 Qxd4 
28.Rxd4 Bc5 29.Re4 e5 30.g3 Bd4 31.Kg2 Rc8 32.f4 
Rc2+ 33.Kh3 Rxa2 34.fxe5 1-0

[Event "HCL-C213"]
[Site "www.playchess.de"]
[Date "2001.03.25"]
[Round "8"]
[White "Coney"]
[Black "lienk"]
[WhiteElo "1087"]
[BlackElo "1070"]
[PlyCount "43"]
[Result "1-0"]

1.e4 e5 2.f4 f6 3.Nf3 Bd6 4.Bc4 Nh6 5.f5 b6 6.O-O 
Bb7 7.d3 Bc5+ 8.Kh1 d5 9.exd5 Bxd5 10.Bxd5 Qxd5 
11.Bxh6 gxh6 12.Nc3 Qc6 13.Ne4 Nd7 14.Nxc5 Nxc5 
15.d4 e4 16.dxc5 exf3 17.Rxf3 Rg8 18.Re3+ Kf7 
19.Qh5+ Kf8 20.Qxh6+ Kf7 21.Qxh7+ Kf8 
22.Qe7+ 1-0

[Event "ACL-A120"]
[Site "www.playchess.de"]
[Date "2001.03.25"]
[Round "5"]
[White "chico"]
[Black "guerino"]
[WhiteElo "1500"]
[BlackElo "1325"]
[PlyCount "31"]
[Result "1-0"]

1.e4 c5 2.Nf3 d6 3.Nc3 Nc6 4.h3 Nf6 5.Bc4 e6 6.d4 
cxd4 7.Nxd4 Be7 8.Bb5 Bd7 9.Nxc6 Bxc6 10.Bxc6+ 
bxc6 11.O-O O-O 12.Re1 Qc7 13.Qf3 Nd7 14.Qg3 Bf6 
15.Kh1 d5 16.Qxc7 1-0

[Event "CCL-E013"]
[Site "www.playchess.de"]
[Date "2001.03.25"]
[Round "25"]
[White "wardvet"]
[Black "joepechie"]
[WhiteElo "2000"]
[BlackElo "2001"]
[PlyCount "61"]
[Result "1-0"]

1.f4 {Good luck}  d5 {Good luck to you. Cm8000 vs 
Cm8000}  2.Nf3 {r u from indiana?}  Bg4 {I'm from 
Manassas Virginia. Where are you from}  3.d4 
{South Bend, IN}  Nd7 4.Nbd2 e6 5.e3 Nh6 6.Bd3 Nf5 
7.Qe2 c6 8.O-O Nf6 9.Qf2 Nd6 10.c4 Bf5 11.Bxf5 
exf5 12.b3 Nde4 13.Nxe4 Nxe4 14.Qc2 Bd6 15.Ng5 O-O 
16.Nxe4 fxe4 17.Qe2 b6 18.Bb2 Rc8 19.Rac1 Qd7 
20.f5 Qe7 21.f6 Qe6 22.c5 Bb8 23.cxb6 axb6 24.fxg7 
Kxg7 25.Ba3 Rfe8 26.Qh5 Bd6 27.Bxd6 f6 28.Bb4 Rc7 
29.Rxf6 Qxf6 30.Qxe8 Rf7 31.h3 1-0

[Event "HCL-C217"]
[Site "www.playchess.de"]
[Date "2001.03.25"]
[Round "1"]
[White "guerino"]
[Black "Toady"]
[WhiteElo "1134"]
[BlackElo "679"]
[PlyCount "51"]
[Result "1-0"]

1.e4 e5 2.Nf3 Nc6 3.Bb5 Bd6 4.O-O Nf6 5.Nc3 Nd4 
6.Nxd4 exd4 7.Ne2 Ng4 8.Ng3 Bxg3 9.fxg3 Nf6 10.d3 
O-O 11.Bg5 Qe8 12.Qf3 c6 13.Bc4 b5 14.Bb3 a5 15.a3 
d5 16.exd5 cxd5 17.Bxd5 Nxd5 18.Qxd5 Qe2 19.Qxa8 
Be6 20.Qxa5 Bd5 21.Rf2 Qg4 22.Be7 Re8 23.Raf1 g6 
24.Bb4 h5 25.Qxb5 Qg5 26.Qxe8+ 1-0

[Event "HCL-B223"]
[Site "www.playchess.de"]
[Date "2001.03.25"]
[Round "8"]
[White "Translightor"]
[Black "MP"]
[WhiteElo "1493"]
[BlackElo "1155"]
[PlyCount "69"]
[Result "1-0"]

1.e4 {Hi & Good Luck!}  c5 {Good luck on the game} 
 2.Nf3 d6 3.d4 cxd4 4.Nxd4 Nc6 5.Nc3 Nf6 6.Bg5 a6 
7.f4 e5 8.Nxc6 bxc6 9.fxe5 Qa5 10.Bxf6 gxf6 
11.exd6 Qe5 12.Qf3 Qxd6 13.Be2 Be6 14.Rd1 Qe5 
15.O-O Bg7 16.Qd3 O-O 17.Qd6 Qxd6 18.Rxd6 Rfc8 
19.a3 Bf8 20.Rd3 a5 21.Rxf6 Rce8 22.Rg3+ Kh8 
23.Bh5 Bg7 24.Rf1 Ref8 25.Nd1 Rab8 26.b3 c5 27.a4 
f5 28.Rgf3 fxe4 29.R3xf8+ Rxf8 30.Rxf8+ Bxf8 
31.Nc3 Bf5 32.g4 Bg6 33.Bxg6 hxg6 34.Nxe4 Kg7 
35.Kf2 1-0

[Event "HCL-C217"]
[Site "www.playchess.de"]
[Date "2001.03.25"]
[Round "12"]
[White "Edik"]
[Black "Toady"]
[WhiteElo "1220"]
[BlackElo "679"]
[PlyCount "39"]
[Result "1-0"]

1.e4 e5 2.Nf3 Nc6 3.Bb5 d5 4.O-O Bd7 5.exd5 Nd4 
6.Bxd7+ Qxd7 7.Nxe5 Qxd5 8.Re1 O-O-O 9.Nc3 Qe6 
10.d3 Bd6 11.Nc4 Qg6 12.Nxd6+ Rxd6 13.Be3 Nf5 
14.Bxa7 Nh4 15.g3 Rf6 16.f4 Rxf4 17.Kh1 Qc6+ 
18.Ne4 Rf2 19.Bxf2 Nf6 20.gxh4 1-0

[Event "HCL-A102"]
[Site "www.playchess.de"]
[Date "2001.03.25"]
[Round "6"]
[White "Stiki"]
[Black "Gorodish"]
[WhiteElo "1700"]
[BlackElo "1784"]
[PlyCount "53"]
[Result "1-0"]

1.e4 {Good luck!}  d6 {also good luck!}  2.d4 g6 
3.Nc3 Bg7 4.Be3 Nf6 5.f3 O-O 6.Qd2 e5 7.d5 Nh5 
8.g4 Nf6 9.Nge2 h5 10.gxh5 Nxh5 11.O-O-O Kh7 
12.Ng3 Nf4 13.Nce2 Nh3 14.Bxh3 Bxh3 15.f4 exf4 
16.Nxf4 Qf6 17.c3 Bg4 18.Rdf1 Qh4 19.Bf2 Bh6 
20.Nf5 Bxf4 21.Qxf4 Qh3 22.Ne3 Be2 23.Rfe1 Bf3 
24.Rhg1 Bh5 25.Ng4 Bxg4 26.Rxg4 Kg8 
27.Rh4 1-0

[Event "HCL-C222"]
[Site "www.playchess.de"]
[Date "2001.03.25"]
[Round "8"]
[White "ictus"]
[Black "YoYo"]
[WhiteElo "1176"]
[BlackElo "1000"]
[PlyCount "34"]
[Result "0-1"]

1.e4 c5 {Hi,gl}  2.c3 d6 3.d4 cxd4 4.cxd4 Nf6 
5.Nc3 e6 6.Nf3 Be7 7.Be2 Nc6 8.O-O O-O 9.Bg5 Qb6 
10.Qd2 Rd8 11.Na4 Qc7 12.Rac1 Nxe4 13.Qe3 Nxg5 
14.Nxg5 Qa5 15.Nc3 Bxg5 16.f4 Bf6 17.a3 
Bxd4 0-1

[Event "HCL-B229"]
[Site "www.playchess.de"]
[Date "2001.03.25"]
[Round "28"]
[White "dakini"]
[Black "molinov"]
[WhiteElo "1145"]
[BlackElo "1200"]
[PlyCount "32"]
[Result "0-1"]

1.d4 d5 2.c4 e6 3.e3 Nf6 4.Nc3 c6 5.Nf3 dxc4 
6.Bxc4 b5 7.Bb3 Nbd7 8.e4 b4 9.e5 bxc3 10.bxc3 Nd5 
11.Bxd5 cxd5 12.O-O Be7 13.Re1 Qc7 14.Bg5 Qxc3 
15.Rc1 Qa5 16.Bxe7 Kxe7 0-1

[Event "HCL-B232"]
[Site "www.playchess.de"]
[Date "2001.03.25"]
[Round "9"]
[White "dakini"]
[Black "queiroz"]
[WhiteElo "1145"]
[BlackElo "1500"]
[PlyCount "22"]
[Result "0-1"]

1.d4 {Hi!}  d5 2.c4 e6 3.cxd5 exd5 4.e3 Nf6 5.Nf3 
Bb4+ 6.Nc3 O-O 7.h3 Ne4 8.Bd2 Nxd2 9.Qxd2 Bf5 
10.g4 Bg6 11.a3 Ba5 0-1

[Event "ACL-A124"]
[Site "www.playchess.de"]
[Date "2001.03.25"]
[Round "10"]
[White "patharp"]
[Black "janaj"]
[WhiteElo "1500"]
[BlackElo "1500"]
[PlyCount "81"]
[Result "1-0"]

1.e4 e5 2.Nf3 Nc6 3.Bc4 d6 4.d3 h6 5.a3 Bg4 6.Nc3 
Nd4 7.Be3 Nxf3+ 8.gxf3 Bh5 9.d4 Qf6 10.Be2 O-O-O 
11.d5 a6 12.Kd2 Ne7 13.Kc1 c6 14.dxc6 Nxc6 15.Nd5 
Qe6 16.b4 Nd4 17.Bxd4 exd4 18.Qxd4 Kd7 19.Qb6 Rc8 
{ohoh patharp, you're dangerous!:-))}  20.Qxb7+ 
Ke8 21.Nc7+ Rxc7 22.Qxc7 Be7 23.Rd1 Qf6 24.Kb1 g5 
25.Qb8+ Kd7 26.Qb7+ {l think you had a bad 
opening...put you in trouble}  Ke8 {*smile* I 
think the whole game you put me in trouble!!}  
27.Bxa6 Bxf3 28.Qb8+ Bd8 29.Rxd6 Qe7 30.Bb5+ Kf8 
31.Qxd8+ Qxd8 32.Rxd8+ Kg7 33.Rxh8 Kxh8 34.Bc6 f5 
35.a4 fxe4 36.Ra3 e3 37.Bxf3 exf2 38.Bg2 g4 39.h3 
h5 40.hxg4 hxg4 41.Rg3 1-0